| 000 | 00436nam a2200193Ia 4500 | ||
|---|---|---|---|
| 008 | 210210b1962 xxu||||| |||| 00| 0 eng d | ||
| 041 | _aeng | ||
| 082 | _a828/753 | ||
| 100 | _aPIERCE (USMC) | ||
| 245 | _aJohn H Glenn: Astronaught | ||
| 260 |
_aNew York _bBallantine Books _c1962 |
||
| 650 | _aJohn | ||
| 650 | _aH | ||
| 650 | _aGlenn: | ||
| 650 | _aAstronaught | ||
| 690 | _aBiography | ||
| 700 | _aSCHUON | ||
| 906 | _a016597 | ||
| 999 |
_c136207 _d136207 |
||